| 000 | 00354nam a2200145Ia 4500 | ||
|---|---|---|---|
| 008 | 210719s1935 xx 000 0 und d | ||
| 041 | _aeng | ||
| 082 | _a821.912 MADQ | ||
| 100 | _aMADELEVA (M) | ||
| 245 | _aQuestion of lovers and other poems. | ||
| 260 |
_aU S A _bM. Madeleva _c1935 |
||
| 300 |
_a57 _bHB |
||
| 365 | _cRs | ||
| 650 | _aEnglish Poetry | ||
| 999 |
_c214044 _d214044 |
||